Регионална библиотека "Любен Каравелов" - Русе

China-EU (Запис номер 490456)

MARC детайли
000 -Лидер
Контролно поле с фиксирана дължина 02278nam a2200493 c 4500
003 - Код на организацията, давaща контролен номер
Контролно поле BLK
005 - Дата и час на последна редакция
Контролно поле 20230418125250.0
008 - Елементи от данни с фиксирана дължина
fixed length control field 180408b bul|||||r ||||||| ||bul||
020 ## - Международен стандартен номер на книга ISBN
Международен стандартен номер на книга ISBN 9787508532684
040 ## - Източник на каталожния запис
Идентификатор на билиотеката - собственик на записа BLK
041 ## - Код за език
Код за езика на текст/звукозапис или на отделно заглавие Английски
-- Китайски
Код за езика КДБФ Английски
080 ## - УДК
Текстов определител УДК Международни политически отношения. Световна политика. Международна политика. Дипломация
УДК код - определител по УДК 327
УДК определител (497.2+510)
УДК - код + определител 327(497.2+510)
100 ## - Редна дума - Автор
Автор Xinning Song
R(LIN) 487378
139 ## - Редно поле
Редна дума Xinning Song
Авторски знак Xin - X 62
245 10 - Сведения за заглавието
Заглавие China-EU
Подзаглавни данни mutual benefit, strategic partnership and comprehensive cooperation
Редно поле (дума) Xinning Song, Shaobin Ding
260 ## - Област на издателските данни
Име на издателя, разпространителя и проч. Wu zhou chuan bo chu ban she
Година на издаване 2016
9 (RLIN) 211276
Място на издаване, разпространение и проч. Beijing
300 ## - Физическа характеристика
Страници 218 с.
Илюстрации и др. ill.
Размери/Мащаб 33 см
380 ## - Жанр
Жанр Обществени науки
650 #7 - Допълнително описание по предмет – тема
Основно описание – тема или топоним Международни икономически отношения
9 (RLIN) 161772
651 #0 - Допълнително описание по предмет - топоним
Географско понятие Европейски съюз
9 (RLIN) 258188
651 #4 - Допълнително описание по предмет - топоним
Географско понятие Китай
9 (RLIN) 242505
700 ## - Други автори (авторска отговорност)
9 (RLIN) 487379
Лично име Shaobin Ding
Автороска отговорност (Описва отношението между автора и произведението) съавт.
856 4# - Електронен адрес и достъп
Електронен формат pdf - файл
Инструкция (цена за достъп) 0.00
Права за достъп disable
856 4# - Електронен адрес и достъп
Електронен формат pdf - файл
Инструкция (цена за достъп) 0.00
Права за достъп disable
999 ## - СИСТЕМНИ КОНТРОЛНИ НОМЕРА
Koha biblionumber 490456
Koha biblioitemnumber 490456
942 ## - АРТИКУЛИ
Вид на библиотечния материал Книги
Скрит в OPAC Не
Периодичен библиозапис Да
944 ## - СЪЗДАВАНЕ И РЕДАКЦИЯ на ЗАПИСА
Създаване/Редакция Създаване
Дата на регистрацията/редакция 2023-04-18
Служител, извършил регистрацията/редакцията нр
Наличности
Код за отписване Код за изгубен артикул Източник на класификационната схема Код за повреда Коз за рестрикции Код за отдаване Артикулен № Име на библиотеката - собственик Име на библиотеката, в която се намира в момента Статус (Текущо местоположение) Дата на вписване в системата Местоположение - отдел Цена в лева Инвентарен номер Систематично азбучна сигнатура Баркод Цена в евро Служебен тип на артикула
  Не е изгубен Universal Decimal Classification Не е повреден само за читалня ползва се в читалня 927314 Регионална библиотека "Любен Каравелов" Русе Регионална библиотека "Любен Каравелов" Русе Читалня 2023-04-20 Читалня 35.00 120000886571 327/X 62 120000886571 17.90 Книги
Vip Innovations Ltd, Rousse, Bulgaria 2025